Score 0/42 Timer 04:00
2 Plays Today
Clue 4-Letter Word % Correct
▲Good ____ Charlie▲LUCK
95.8%
Bugs that live in hairLICE
95.5%
Use tongue to taste, moisten, or cleanLICK
92.2%
▲The Suite ____ of [Rung 22] & [Rung 42]▲LIFE
88.5%
Beyoncé song: If I ____ a BoyWERE
85.2%
▲Phineas and _____FERB
82.6%
Plant used for flavoringHERB
78.9%
Spine of a person or animalBACK
78.7%
▲The Suite [Rung 1] of ____ & [Rung 42]▲ZACK
78.4%
Central part of an appleCORE
77%
Johann Sebastian ____, German composerBACH
76.9%
2005 film: Fun with ____ and JaneDICK
76.8%
____ Galifianakis, 'The Hangover' starZACH
75.8%
In this place or positionHERE
75.7%
▲The Suite [Rung 1] of [Rung 22] & ____CODY
72.8%
Tend to or nurtureCARE
70.4%
Challenge someone to do somethingDARE
70.4%
▲The Suite [Rung 1] on ____DECK
70.2%
▲A.N.T. ____FARM
69.8%
Solitary or singleLONE
66.3%
Board game of global dominationRISK
66.3%
Clue 4-Letter Word % Correct
Flat, thin round objectDISK
64.2%
Had on one's bodyWORE
63.2%
▲____ in the House▲CORY
62.7%
Shallow container for cooking or serving foodDISH
62.5%
To not having enough of somethingLACK
61.6%
Singer who sings 'Loser'BECK
61.3%
▲____ Hooks▲FISH
61.1%
Injure or abuseHARM
60.3%
Come or go upRISE
58.4%
Traditions held by a specific groupLORE
58.2%
An archaic place of residenceFERM
52.6%
Hall of Fame baseball catcher CarltonFISK
51.8%
▲American Dragon: Jake _____LONG
48%
Be hidden waiting to ambush somebodyLURK
46.8%
Destroying a building (UK spelling)RASE
43.1%
▲____ the Barbarian▲DAVE
39%
Something daring done for funLARK
37.8%
Long, limp, and straight hairLANK
37.8%
Remember something from the pastHARK
35.6%
Fritz ____, Austrian-American filmmakerLANG
34.5%
Talk wild as if you were insaneRAVE
33.5%

Today's Daily Dose

Remove Ads.
Support Sporcle.
Get the best of Sporcle when you Go Orange. This ad-free experience offers more features, more stats, and more fun while also helping to support Sporcle. Thank you for becoming a member.

You're not logged in!

Compare scores with friends on all Sporcle quizzes.
OR
Log In

Show Comments

Extras

Top Quizzes Today


Score Distribution

Your Account Isn't Verified!

In order to create a playlist on Sporcle, you need to verify the email address you used during registration. Go to your Sporcle Settings to finish the process.

Report this User

Report this user for behavior that violates our Community Guidelines.

Details: